[Event "Torshavn"]
[Site "?"]
[Date "1997.??.??"]
[Round "?"]
[White "Svidler, P."]
[Black "Tisdall, J."]
[Result "1-0"]
[WhiteElo "2640"]
[BlackElo "2490"]
[PlyCount "73"]
[EventDate "1997.??.??"]
[Source "ChessBase"]
[SourceDate "1997.02.01"]

1. e4 c5 2. Nf3 d6 3. d4 cxd4 4. Nxd4 Nf6 5. Nc3 g6 6. Be3 Bg7 7. f3 O-O 8. Qd2 Nc6 9. O-O-O Nxd4 10. Bxd4 Be6 11. Kb1 Qc7 12. g4 Rfc8 13. h4 Qa5 14. a3 Rab8 15. h5 b5 16. Nd5 Qxd2 17. Rxd2 Nxd5 18. exd5 Bxd5 19. Bxg7 Bxf3 20. Rh3 Bxg4 21. Rg3 Kxg7 22. Rxg4 Rc5 23. Rh2 f5 24. Rg3 Re5 25. Bd3 d5 26. hxg6 hxg6 27. Rh5 Kf6 28. Rh6 Re1+ 29. Ka2 Rg8 30. Bxb5 e5 31. Rh7 f4 32. Rc3 e4 33. Rc5 f3 34. Rxd5 Rb8 35. Rh4 g5 36. Rh6+ Kg7 37. Rc6 1-0

[Event "Corr"]
[Site "?"]
[Date "1996.??.??"]
[Round "?"]
[White "Patrici Norberto Eugenio"]
[Black "Johnson Maurice W"]
[Result "1/2-1/2"]
[WhiteElo "2511"]
[BlackElo "2618"]
[PlyCount "63"]
[EventDate "1996.??.??"]
[Source "www.chesslib.no"]
[SourceDate "2004.05.04"]

1. e4 c5 2. Nf3 d6 3. d4 cxd4 4. Nxd4 Nf6 5. Nc3 g6 6. Be3 Bg7 7. f3 O-O 8. Qd2 Nc6 9. O-O-O d5 10. exd5 Nxd5 11. Nxc6 bxc6 12. Bd4 e5 13. Bc5 Be6 14. Ne4 Rb8 15. Bc4 Re8 16. h4 h6 17. g4 a5 18. g5 h5 19. Bb3 Ra8 20. a4 Qc7 21. Qf2 Red8 22. Rd2 Rab8 23. Rhd1 Bf5 24. Ba3 Rbc8 25. Bc5 Rb8 26. Bc4 Rd7 27. b3 Be6 28. Ba3 Rbd8 29. Bb2 Bf5 30. Nc5 Rd6 31. Ne4 R6d7 32. Nc5 1/2-1/2

[Event "Badalona"]
[Site "?"]
[Date "1995.??.??"]
[Round "?"]
[White "Korneev, O."]
[Black "Marin, Mihail"]
[Result "1/2-1/2"]
[WhiteElo "2605"]
[BlackElo "2520"]
[PlyCount "50"]
[EventDate "1995.??.??"]
[Source "ChessBase"]
[SourceDate "1995.06.01"]

1. e4 c5 2. Nf3 d6 3. d4 cxd4 4. Nxd4 Nf6 5. Nc3 g6 6. Be3 Bg7 7. f3 O-O 8. Qd2 Nc6 9. O-O-O d5 10. exd5 Nxd5 11. Nxc6 bxc6 12. Bd4 e5 13. Bc5 Be6 14. Ne4 Re8 15. h4 h6 16. g4 Qc7 17. g5 h5 18. Bc4 Red8 19. Qf2 a5 20. a4 Qb7 21. b3 Kh7 22. Rd2 Nf4 23. Bxe6 Nxe6 24. Bd6 Nd4 25. Rhd1 Rxd6 1/2-1/2

[Event "Open Aeroflot"]
[Site "Mosca RUS"]
[Date "2007.02.22"]
[Round "9"]
[White "Maslak, K."]
[Black "Azarov, S."]
[Result "1/2-1/2"]
[WhiteElo "2539"]
[BlackElo "2583"]
[PlyCount "112"]
[EventDate "2007.02.14"]
[Source "www.chesslib.no"]
[SourceDate "2004.05.04"]

1. e4 c5 2. Nf3 d6 3. d4 cxd4 4. Nxd4 Nf6 5. Nc3 g6 6. Be3 Bg7 7. f3 O-O 8. Qd2 Nc6 9. O-O-O d5 10. exd5 Nxd5 11. Nxc6 bxc6 12. Bd4 e5 13. Bc5 Be6 14. Ne4 Re8 15. h4 h6 16. g4 Qc7 17. g5 h5 18. Bc4 Red8 19. Qf2 Nf4 20. Bxe6 Nxe6 21. Bd6 Qa5 22. Kb1 Rd7 23. Rd2 Nd4 24. Rhd1 Rad8 25. Bc5 Rd5 26. c3 Rxc5 27. Nxc5 Qxc5 28. Qe3 Qd6 29. cxd4 exd4 30. Qd3 c5 31. Re2 Rc8 32. Rc1 a5 33. Rc4 Rb8 34. a3 Kh7 35. Ka1 Qg3 36. Re7 Qxh4 37. Rxf7 Qe1+ 38. Ka2 Qe6 39. Rc7 Rxb2+ 40. Kxb2 Qb6+ 41. Kc2 Qxc7 42. Qe4 Qh2+ 43. Kb3 Qd6 44. Kc2 Qh2+ 45. Kb3 Qb8+ 46. Kc2 Qb5 47. Qd3 a4 48. f4 Kg8 49. Kc1 Qc6 50. f5 gxf5 51. Qxf5 Qh1+ 52. Kc2 Qg2+ 53. Kc1 Qh1+ 54. Kc2 Qg2+ 55. Kc1 Qg1+ 56. Kc2 Qe3 1/2-1/2

[Event "Reggio Emilia XLVII"]
[Site "?"]
[Date "2005.01.04"]
[Round "7"]
[White "Delchev Aleksander"]
[Black "Cebalo Miso"]
[Result "1/2-1/2"]
[WhiteElo "2601"]
[BlackElo "2520"]
[PlyCount "46"]
[EventDate "2005.??.??"]
[Source "www.chesslib.no"]
[SourceDate "2004.05.04"]

1. e4 c5 2. Nf3 d6 3. d4 cxd4 4. Nxd4 Nf6 5. Nc3 g6 6. Be3 Bg7 7. f3 O-O 8. Qd2 Nc6 9. O-O-O d5 10. exd5 Nxd5 11. Nxc6 bxc6 12. Bd4 Bxd4 13. Qxd4 Qb6 14. Na4 Qa5 15. b3 Bf5 16. g4 Be6 17. Qe5 Qb4 18. c4 Nf6 19. Qc5 a5 20. Bd3 Nd7 21. Qxb4 axb4 22. Rhe1 Ra5 23. Be4 Rc8 1/2-1/2

[Event "Beijing"]
[Site "?"]
[Date "1995.??.??"]
[Round "?"]
[White "Wang, Zili"]
[Black "Alterman, B."]
[Result "1/2-1/2"]
[WhiteElo "2525"]
[BlackElo "2595"]
[PlyCount "40"]
[EventDate "1995.??.??"]
[Source "ChessBase"]
[SourceDate "1995.06.01"]

1. e4 c5 2. Nf3 d6 3. d4 cxd4 4. Nxd4 Nf6 5. Nc3 g6 6. Be3 Bg7 7. f3 O-O 8. Qd2 Nc6 9. O-O-O d5 10. Qe1 e5 11. Nxc6 bxc6 12. exd5 Nxd5 13. Bc4 Be6 14. Ne4 Qc7 15. Bc5 Rfd8 16. Ng5 Bh6 17. Qh4 Kg7 18. Kb1 Bxg5 19. Qxg5 f6 20. Qh4 Qf7 1/2-1/2

[Event "EU-ch 2nd"]
[Site "Ohrid"]
[Date "2001.06.12"]
[Round "11"]
[White "Gdanski, Jacek"]
[Black "Fedorov, Alexei"]
[Result "1-0"]
[WhiteElo "2528"]
[BlackElo "2590"]
[PlyCount "113"]
[EventDate "2001.06.01"]
[Source "ChessBase"]
[SourceDate "2001.09.13"]

1. e4 c5 2. Nf3 d6 3. d4 cxd4 4. Nxd4 Nf6 5. Nc3 g6 6. Be3 Bg7 7. f3 O-O 8. Qd2 Nc6 9. O-O-O d5 10. Qe1 e5 11. Nxc6 bxc6 12. exd5 Nxd5 13. Bc4 Be6 14. Ne4 Qc7 15. Bc5 Rfd8 16. g4 Nf4 17. Qc3 Rd5 18. Kb1 Rad8 19. Rde1 h6 20. Be3 Qe7 21. Rhg1 Kh8 22. h4 f5 23. gxf5 Bxf5 24. a3 Qxh4 25. Bxa7 R5d7 26. Bf2 Qe7 27. Rh1 g5 28. Bc5 Qe8 29. Nxg5 Nd5 30. Qd2 Qg6 31. Reg1 e4 32. Nxe4 Nc3+ 33. Qxc3 Bxc3 34. Rxg6 Rd1+ 35. Rxd1 Rxd1+ 36. Ka2 Bxg6 37. bxc3 h5 38. a4 h4 39. Ng5 Kg7 40. a5 Bf5 41. a6 Bc8 42. a7 Bb7 43. f4 Rh1 44. Be6 Ba8 45. Bc8 Kg6 46. Kb3 Rf1 47. Nh3 Kh5 48. Nf2 Rg1 49. Kc4 Rc1 50. Kd3 Rg1 51. Be6 Bb7 52. Kd4 Re1 53. Bg4+ Kg6 54. Kd3 Re8 55. Ne4 Ba6+ 56. Ke3 Bc4 57. Bd7 1-0

[Event "It (open)"]
[Site "?"]
[Date "2005.02.01"]
[Round "7"]
[White "Delchev Aleksander"]
[Black "Cebalo Miso"]
[Result "1-0"]
[WhiteElo "2597"]
[BlackElo "2519"]
[PlyCount "130"]
[EventDate "2005.??.??"]
[Source "www.chesslib.no"]
[SourceDate "2004.05.04"]

1. e4 c5 2. Nf3 d6 3. d4 cxd4 4. Nxd4 Nf6 5. Nc3 g6 6. Be3 Bg7 7. f3 O-O 8. Qd2 Nc6 9. O-O-O d5 10. exd5 Nxd5 11. Nxc6 bxc6 12. Bd4 Bxd4 13. Qxd4 Qb6 14. Na4 Qb4 15. Qxb4 Nxb4 16. Bc4 Ba6 17. Rd4 Bxc4 18. Rxc4 Nd5 19. Rxc6 Rfd8 20. Re1 e6 21. Nc3 a5 22. Rc5 Nxc3 23. Rxc3 Rd5 24. a4 Rad8 25. b3 Kg7 26. Rce3 Kf6 27. h4 h5 28. g3 g5 29. hxg5+ Rxg5 30. f4 Rg4 31. Re5 Rxg3 32. Rxh5 Rc8 33. Kb2 Rg2 34. Rc1 Ra8 35. Rc5 Rf2 36. Rc4 Rh8 37. Re1 Rh5 38. Ree4 Rd5 39. Red4 Rxd4 40. Rxd4 Kf5 41. b4 e5 42. fxe5 Kxe5 43. Rc4 axb4 44. a5 Kd6 45. Kb3 Rf1 46. Ka4 Ra1+ 47. Kb5 Ra3 48. Kxb4 Ra1 49. Kb5 f5 50. Rc6+ Ke5 51. a6 f4 52. Rc7 f3 53. Rf7 Ke4 54. c4 Ke3 55. c5 f2 56. c6 Rb1+ 57. Kc5 Rc1+ 58. Kb6 Rb1+ 59. Kc7 Ra1 60. Kb7 Rb1+ 61. Kc8 f1=Q 62. Rxf1 Rxf1 63. c7 Ra1 64. Kd8 Rd1+ 65. Ke8 Kd4 1-0

[Event "otb"]
[Site "otb"]
[Date "2007.03.07"]
[Round "4"]
[White "Perunovic Milos"]
[Black "Solak Dragan"]
[Result "1-0"]
[WhiteElo "2547"]
[BlackElo "2564"]
[PlyCount "93"]
[Source "www.chesslib.no"]
[SourceDate "2004.05.04"]

1. e4 c5 2. Nf3 d6 3. d4 cxd4 4. Nxd4 Nf6 5. Nc3 g6 6. Be3 Bg7 7. f3 O-O 8. Qd2 Nc6 9. O-O-O d5 10. exd5 Nxd5 11. Nxc6 bxc6 12. Bd4 e5 13. Bc5 Be6 14. Ne4 Re8 15. h4 Nf4 16. g3 Qxd2+ 17. Rxd2 Nh5 18. g4 Nf4 19. Ba6 Bd5 20. c4 Bxe4 21. fxe4 Ne6 22. Bd6 Rad8 23. Bb7 Nd4 24. Bc5 Ne6 25. Bd6 Nd4 26. Bc7 Rd7 27. Bxc6 Rxc7 28. Bxe8 Rxc4+ 29. Kb1 Kf8 30. b3 Rc3 31. Ba4 Re3 32. Rc1 Rxe4 33. Rc8+ Ke7 34. Rc7+ Ke6 35. Rf2 Rf4 36. Rxf4 exf4 37. Be8 f5 38. g5 Bf8 39. Rxh7 f3 40. Bxg6 Ke5 41. Bf7 Nb5 42. Kc1 Ba3+ 43. Kd1 Nc3+ 44. Kc2 f2 45. Bc4 Nd5 46. Kd2 Kf4 47. Ke2 1-0

[Event "Moscow (open)"]
[Site "?"]
[Date "1995.??.??"]
[Round "?"]
[White "Kudrin, S."]
[Black "Golubev, M."]
[Result "1/2-1/2"]
[WhiteElo "2540"]
[BlackElo "2570"]
[PlyCount "108"]
[EventDate "1995.??.??"]
[Source "ChessBase"]
[SourceDate "1995.02.01"]

1. e4 c5 2. Nf3 d6 3. d4 cxd4 4. Nxd4 Nf6 5. Nc3 g6 6. Be3 Bg7 7. f3 O-O 8. Qd2 Nc6 9. O-O-O d5 10. exd5 Nxd5 11. Nxc6 bxc6 12. Bd4 e5 13. Bc5 Be6 14. Ne4 Re8 15. h4 h5 16. Bc4 a5 17. a4 Nf4 18. Qxd8 Raxd8 19. Rxd8 Rxd8 20. Bxe6 Nxe6 21. Bb6 Rb8 22. Bxa5 Ra8 23. b4 c5 24. c3 cxb4 25. cxb4 Nd4 26. Rd1 f5 27. Nc5 Nc6 28. Bc7 Nxb4 29. Rd8+ Rxd8 30. Bxd8 Nc6 31. Bb6 Bh6+ 32. Kc2 Be3 33. Kd3 Bf2 34. Nd7 Bxh4 35. Kc4 Be1 36. Kc5 Nd4 37. Nxe5 Ne6+ 38. Kd6 Nf4 39. a5 Bxa5 40. Bxa5 Nxg2 41. Nxg6 h4 42. Bb6 h3 43. Bg1 Ne3 44. Nf4 Nc4+ 45. Ke6 Nd2 46. Nxh3 Nxf3 47. Bf2 Nd2 48. Kxf5 Kf7 49. Ng5+ Ke7 50. Ke5 Nc4+ 51. Kd5 Nd6 52. Nf3 Nf7 53. Be3 Kf6 54. Bb6 Kf5 1/2-1/2

[Event "Moscow Open"]
[Site "?"]
[Date "1995.??.??"]
[Round "2"]
[White "Kudrin, Sergey"]
[Black "Golubev, Mihail"]
[Result "1/2-1/2"]
[WhiteElo "2540"]
[BlackElo "2570"]
[PlyCount "46"]
[EventDate "1995.??.??"]
[Source "www.chesslib.no"]
[SourceDate "2004.05.04"]

1. e4 c5 2. Nf3 d6 3. d4 cxd4 4. Nxd4 Nf6 5. Nc3 g6 6. Be3 Bg7 7. f3 O-O 8. Qd2 Nc6 9. O-O-O d5 10. exd5 Nxd5 11. Nxc6 bxc6 12. Bd4 e5 13. Bc5 Be6 14. Ne4 Re8 15. h4 h5 16. Qe2 a5 17. a4 Nf4 18. g4 Qc7 19. Qe3 Qd8 20. Bb6 Qd4 21. Qd2 Rab8 22. Bxa5 Ra8 23. Kb1 Qxb2+ 1/2-1/2

[Event "Corr"]
[Site "?"]
[Date "2002.11.15"]
[Round "?"]
[White "Scheuermann Bernhard"]
[Black "Vassia Elio (ITA)"]
[Result "1/2-1/2"]
[WhiteElo "2540"]
[BlackElo "2570"]
[PlyCount "55"]
[EventDate "2002.??.??"]
[Source "www.chesslib.no"]
[SourceDate "2004.05.04"]

1. e4 c5 2. Nf3 d6 3. d4 cxd4 4. Nxd4 Nf6 5. Nc3 g6 6. Be3 Bg7 7. f3 O-O 8. Qd2 Nc6 9. O-O-O d5 10. exd5 Nxd5 11. Nxc6 bxc6 12. Nxd5 cxd5 13. Qxd5 Qc7 14. Qc5 Qb7 15. Qa3 Bf5 16. Bd3 Rab8 17. b3 Qc6 18. Qa5 Rfc8 19. Bxf5 gxf5 20. c4 Qe6 21. Rhe1 Rxc4+ 22. Kb1 Rcc8 23. Rd3 Qc6 24. Rc1 Qg6 25. Rxc8+ Rxc8 26. Rd8+ Rxd8 27. Qxd8+ Bf8 28. Qd3 1/2-1/2

[Event "4th IECC"]
[Site "Istanbul"]
[Date "2003.06.02"]
[Round "4"]
[White "Gdanski, Jacek"]
[Black "Fedorov, Alexei"]
[Result "1-0"]
[WhiteElo "2506"]
[BlackElo "2604"]
[PlyCount "81"]
[EventDate "2003.05.30"]
[Source "Roberto Alvarez"]
[SourceDate "2003.06.23"]

1. e4 c5 2. Nf3 d6 3. d4 cxd4 4. Nxd4 Nf6 5. Nc3 g6 6. Be3 Bg7 7. f3 O-O 8. Qd2 Nc6 9. O-O-O d5 10. exd5 Nxd5 11. Nxc6 bxc6 12. Bd4 Bxd4 13. Qxd4 Qc7 14. Bc4 Nb6 15. Bd3 c5 16. Nb5 Qc6 17. Qe5 Bf5 18. Nc3 Bxd3 19. Rxd3 Rfe8 20. Nd5 Nxd5 21. Rxd5 c4 22. Rhd1 Rab8 23. Rc5 Qa6 24. Qc3 Red8 25. Rxd8+ Rxd8 26. Qxc4 Qd6 27. b3 Qd2+ 28. Kb2 Qxg2 29. Qf4 a6 30. h4 h5 31. a4 Qf2 32. Rc6 a5 33. Rc4 Qb6 34. Qe5 e6 35. Qf6 Kf8 36. Rf4 Rd7 37. Qxg6 Rc7 38. Qh6+ Kg8 39. Qg5+ Kf8 40. Qd8+ Kg7 41. Rc4 1-0

[Event "Leeuwarden Open"]
[Site "Leeuwarden NED"]
[Date "1994.??.??"]
[Round "3"]
[White "Kuczynski, Robert"]
[Black "Alterman, Boris"]
[Result "1/2-1/2"]
[WhiteElo "2515"]
[BlackElo "2595"]
[PlyCount "50"]
[EventDate "1994.07.??"]
[Source "www.chesslib.no"]
[SourceDate "2004.05.04"]

1. e4 c5 2. Nf3 d6 3. d4 cxd4 4. Nxd4 Nf6 5. Nc3 g6 6. Be3 Bg7 7. f3 O-O 8. Qd2 Nc6 9. O-O-O d5 10. exd5 Nxd5 11. Nxc6 bxc6 12. Bd4 e5 13. Bc5 Re8 14. Nxd5 cxd5 15. Qxd5 Qxd5 16. Rxd5 Be6 17. Rd6 Bxa2 18. b4 Bf8 19. Rc6 e4 20. Bxf8 Kxf8 21. Kb2 Bd5 22. Rd6 Bb7 23. Rd7 Re7 24. Rxe7 Kxe7 25. Be2 exf3 1/2-1/2

[Event "EuTCh"]
[Site "Plovdiv"]
[Date "2003.10.14"]
[Round "4"]
[White "Degraeve, Jean Marc"]
[Black "Romero Holmes, Alfonso"]
[Result "1-0"]
[WhiteElo "2562"]
[BlackElo "2544"]
[PlyCount "157"]
[EventDate "2003.10.10"]
[Source "Roberto Alvarez"]
[SourceDate "2003.10.20"]

1. e4 c5 2. Nf3 d6 3. d4 cxd4 4. Nxd4 Nf6 5. Nc3 g6 6. Be3 Bg7 7. f3 O-O 8. Qd2 Nc6 9. O-O-O d5 10. exd5 Nxd5 11. Nxc6 bxc6 12. Bd4 Bxd4 13. Qxd4 Qc7 14. Bc4 Nb6 15. Bd3 Be6 16. Rhe1 Nd5 17. Nxd5 Bxd5 18. Qe5 Rac8 19. Qxc7 Rxc7 20. Be4 Rd8 21. c4 Rdc8 22. b3 Be6 23. Kb2 Kg7 24. Kc3 g5 25. h4 gxh4 26. Rh1 h3 27. Rdg1 Kf6 28. Bxh7 hxg2 29. Rxg2 Rh8 30. Rh6+ Ke5 31. Rh4 Bf5 32. Re2+ Kf6 33. Reh2 c5 34. Bxf5 Rxh4 35. Rxh4 Kxf5 36. Kd3 Rc6 37. Ke3 Re6+ 38. Kd3 Ra6 39. Rh5+ Kf4 40. Rxc5 e6 41. Rc7 f5 42. a4 e5 43. Rf7 Rh6 44. c5 Rh3 45. c6 Rxf3+ 46. Kc4 Rf1 47. Kd5 Rc1 48. b4 e4 49. b5 e3 50. Rxa7 Rd1+ 51. Kc5 Rc1+ 52. Kb4 e2 53. Re7 Kf3 54. a5 f4 55. b6 Rxc6 56. b7 Rc1 57. a6 Kf2 58. a7 Rb1+ 59. Kc4 Rxb7 60. Rxe2+ Kxe2 61. a8=Q Re7 62. Qg2+ Ke3 63. Kd5 Rd7+ 64. Ke6 Rd2 65. Qg5 Kf3 66. Qa5 Re2+ 67. Kf5 Rf2 68. Qa1 Ke3 69. Qc1+ Kf3 70. Qc3+ Ke2 71. Ke4 Kf1 72. Qc1+ Ke2 73. Qg1 f3 74. Qc1 Rg2 75. Qe3+ Kf1 76. Qxf3+ Rf2 77. Qh1+ Ke2 78. Qg1 Rf1 79. Qe3+ 1-0

[Event "4th IECC"]
[Site "Istanbul"]
[Date "2003.05.31"]
[Round "2"]
[White "Kurnosov, Igor"]
[Black "Fedorov, Alexei"]
[Result "1/2-1/2"]
[WhiteElo "2500"]
[BlackElo "2604"]
[PlyCount "97"]
[EventDate "2003.05.30"]
[Source "Roberto Alvarez"]
[SourceDate "2003.06.23"]

1. e4 c5 2. Nf3 d6 3. d4 cxd4 4. Nxd4 Nf6 5. Nc3 g6 6. Be3 Bg7 7. f3 O-O 8. Qd2 Nc6 9. O-O-O d5 10. exd5 Nxd5 11. Nxc6 bxc6 12. Bd4 Bxd4 13. Qxd4 Qc7 14. Bc4 Nb6 15. Be2 Be6 16. Qc5 Rfb8 17. g3 Qb7 18. b3 Nd5 19. Rd4 Nxc3 20. Qxc3 a5 21. Ra4 Qa7 22. h4 Rb4 23. Qxb4 axb4 24. Rxa7 Rxa7 25. Kb2 Kg7 26. Ra1 Kf6 27. c3 c5 28. cxb4 cxb4 29. a3 Rd7 30. Rd1 bxa3+ 31. Kxa3 Ra7+ 32. Kb2 Rb7 33. Rd3 Bc4 34. Re3 Bd5 35. f4 h5 36. Kc2 e6 37. Bc4 Bxc4 38. bxc4 Ke7 39. Rd3 f6 40. Kc3 e5 41. fxe5 fxe5 42. c5 Rb1 43. Rd6 Rc1+ 44. Kd2 Rxc5 45. Rxg6 e4 46. Ke3 Kf7 47. Rg5 Rxg5 48. hxg5 Kg6 49. Kxe4 1/2-1/2

[Event "Pirc mem"]
[Site "?"]
[Date "2000.??.??"]
[Round "2.2"]
[White "Sax Gyula"]
[Black "Mohr Georg"]
[Result "0-1"]
[WhiteElo "2609"]
[BlackElo "2488"]
[PlyCount "58"]
[EventDate "2000.??.??"]
[Source "www.chesslib.no"]
[SourceDate "2004.05.04"]

1. e4 c5 2. Nf3 d6 3. d4 cxd4 4. Nxd4 Nf6 5. Nc3 g6 6. Be3 Bg7 7. f3 O-O 8. Qd2 Nc6 9. O-O-O d5 10. Qe1 e5 11. Nxc6 bxc6 12. exd5 Nxd5 13. Bc4 Be6 14. Ne4 Qc8 15. Bc5 Rd8 16. Qh4 h6 17. g4 Qc7 18. g5 h5 19. Qf2 Qa5 20. Qe1 Qc7 21. Qf2 Qa5 22. Bd6 Rxd6 23. Nxd6 Qb4 24. Bb3 Qxd6 25. c4 a5 26. cxd5 cxd5 27. Qd2 Qb6 28. Kb1 a4 29. Bxd5 Rd8 0-1

[Event "4th IECC"]
[Site "Istanbul"]
[Date "2003.06.08"]
[Round "9"]
[White "Naiditsch, Arkadij"]
[Black "Guseinov, Kadir"]
[Result "0-1"]
[WhiteElo "2588"]
[BlackElo "2505"]
[PlyCount "78"]
[EventDate "2003.05.30"]
[Source "Roberto Alvarez"]
[SourceDate "2003.06.23"]

1. e4 c5 2. Nf3 d6 3. d4 cxd4 4. Nxd4 Nf6 5. Nc3 g6 6. Be3 Bg7 7. f3 O-O 8. Qd2 Nc6 9. O-O-O d5 10. Kb1 Rb8 11. Ndb5 a6 12. Na7 e6 13. h4 Qc7 14. exd5 Nxd5 15. Nxd5 exd5 16. Nxc6 bxc6 17. Bd4 Bxd4 18. Qxd4 c5 19. Qd2 Be6 20. h5 d4 21. c4 Rb4 22. b3 a5 23. Re1 a4 24. hxg6 Bf5+ 25. Bd3 Bxd3+ 26. Qxd3 fxg6 27. Re2 axb3 28. a3 Ra4 29. Kb2 Qf7 30. Rc1 Rfa8 31. Qxb3 Qa7 32. Rce1 Rxa3 33. Re8+ Rxe8 34. Rxe8+ Kf7 35. Qb5 Ra2+ 36. Kb1 Ra1+ 37. Kc2 Qa2+ 38. Kd3 Rd1+ 39. Ke4 Qe2+ 0-1

[Event "Yerevan ol (Men)"]
[Site "Yerevan"]
[Date "1996.??.??"]
[Round "8"]
[White "Palac, Mladen"]
[Black "Hodgson, Julian M"]
[Result "1-0"]
[WhiteElo "2540"]
[BlackElo "2550"]
[PlyCount "69"]
[EventDate "1996.09.??"]
[Source "www.chesslib.no"]
[SourceDate "2004.05.04"]

1. e4 c5 2. Nf3 d6 3. d4 cxd4 4. Nxd4 Nf6 5. Nc3 g6 6. Be3 Bg7 7. f3 O-O 8. Qd2 Nc6 9. O-O-O d5 10. Kb1 Nxd4 11. e5 Nxf3 12. gxf3 Nh5 13. Qxd5 Qxd5 14. Nxd5 Bxe5 15. Nxe7+ Kg7 16. Rd5 Bf6 17. Nxc8 Rfxc8 18. Bd3 Rc7 19. Be4 a6 20. Rg1 Kh8 21. Rgd1 Re8 22. a4 Bh4 23. Bb6 Rc6 24. Bd4+ Bf6 25. Rd7 Rc4 26. Bxb7 Rxa4 27. Bxf6+ Nxf6 28. Rxf7 Rf4 29. Rd6 Nh5 30. Rxf4 Nxf4 31. Bxa6 Re3 32. b4 Rxf3 33. b5 Ne2 34. b6 Nc3+ 35. Kc1 1-0

[Event "Zagreb zt"]
[Site "Zagreb"]
[Date "1993.??.??"]
[Round "2"]
[White "Har Zvi, Ronen"]
[Black "Alterman, Boris"]
[Result "1/2-1/2"]
[WhiteElo "2485"]
[BlackElo "2600"]
[PlyCount "37"]
[EventDate "1993.03.??"]
[Source "ChessBase"]

1. e4 c5 2. Nf3 d6 3. d4 cxd4 4. Nxd4 Nf6 5. Nc3 g6 6. Be3 Bg7 7. f3 O-O 8. Qd2 Nc6 9. O-O-O d5 10. exd5 Nxd5 11. Nxc6 bxc6 12. Nxd5 cxd5 13. Bh6 Bxh6 14. Qxh6 Rb8 15. h4 Bf5 16. Bd3 Bxd3 17. Rxd3 e6 18. h5 Rb7 19. Rb3 1/2-1/2

[Event "It Open"]
[Site "?"]
[Date "2005.05.05"]
[Round "7"]
[White "Palac Mladen"]
[Black "Cebalo Miso"]
[Result "1-0"]
[WhiteElo "2574"]
[BlackElo "2507"]
[PlyCount "79"]
[EventDate "2005.??.??"]
[Source "www.chesslib.no"]
[SourceDate "2004.05.04"]

1. e4 c5 2. Nf3 d6 3. d4 cxd4 4. Nxd4 Nf6 5. Nc3 g6 6. Be3 Bg7 7. f3 O-O 8. Qd2 Nc6 9. O-O-O d5 10. exd5 Nxd5 11. Nxc6 bxc6 12. Bd4 Bxd4 13. Qxd4 Qb6 14. Na4 Qa5 15. b3 Bf5 16. g4 Be6 17. Qe5 Qb4 18. c4 Nf6 19. h4 Rab8 20. h5 Qa3+ 21. Qb2 Qxb2+ 22. Kxb2 gxh5 23. g5 Nd7 24. Re1 Rfd8 25. Kc3 Nf8 26. Bd3 Ng6 27. Nc5 Nf4 28. Bc2 Rd6 29. Ne4 Rd7 30. Nc5 Rd6 31. Re4 Ng6 32. Re2 Nf4 33. Reh2 Kg7 34. Ne4 Rdd8 35. Ng3 h6 36. gxh6+ Kxh6 37. Nxh5 Nxh5 38. Rxh5+ Kg7 39. Rh7+ Kf6 40. f4 1-0

[Event "Russian Cup f"]
[Site "Sochi"]
[Date "1997.??.??"]
[Round "2"]
[White "Voitsekhovsky, Stanislav"]
[Black "Fedorov, Alexei"]
[Result "0-1"]
[WhiteElo "2480"]
[BlackElo "2600"]
[PlyCount "56"]
[EventDate "1997.09.17"]
[Source "ChessBase"]
[SourceDate "1998.01.31"]

1. e4 c5 2. Nf3 d6 3. d4 cxd4 4. Nxd4 Nf6 5. Nc3 g6 6. Be3 Bg7 7. f3 O-O 8. Qd2 Nc6 9. O-O-O Bd7 10. g4 Rc8 11. g5 Nh5 12. Kb1 Ne5 13. b3 Nxf3 14. Nxf3 Bxc3 15. Qf2 f6 16. Rg1 Qa5 17. Qh4 b5 18. Nd4 Qa3 19. Bc1 Qc5 20. Nf3 f5 21. Rd5 Qc7 22. Bxb5 Bxb5 23. Rxb5 Qc6 24. Rd5 e6 25. Rdd1 fxe4 26. Nd2 d5 27. Nf1 Bd4 28. Rg2 Qc3 0-1

[Event "It Open"]
[Site "?"]
[Date "2005.05.02"]
[Round "2"]
[White "Azarov Sergei"]
[Black "Cebalo Miso"]
[Result "1/2-1/2"]
[WhiteElo "2572"]
[BlackElo "2507"]
[PlyCount "50"]
[EventDate "2005.??.??"]
[Source "www.chesslib.no"]
[SourceDate "2004.05.04"]

1. e4 c5 2. Nf3 d6 3. d4 cxd4 4. Nxd4 Nf6 5. Nc3 g6 6. Be3 Bg7 7. f3 O-O 8. Qd2 Nc6 9. O-O-O d5 10. exd5 Nxd5 11. Nxc6 bxc6 12. Bd4 Bxd4 13. Qxd4 Qb6 14. Na4 Qa5 15. b3 Bf5 16. Qc5 Qxc5 17. Nxc5 Nc3 18. Re1 Nxa2+ 19. Kb2 Nb4 20. Rxe7 Rfe8 21. Rxe8+ Rxe8 22. g4 Re5 23. Na6 Nxa6 24. Bxa6 Be6 25. Bd3 h5 1/2-1/2

[Event "Russia (ch) 82/194"]
[Site "?"]
[Date "2001.??.??"]
[Round "?"]
[White "Galkin, A."]
[Black "Timofeev, Ar"]
[Result "1/2-1/2"]
[WhiteElo "2556"]
[BlackElo "2522"]
[PlyCount "104"]
[EventDate "2001.??.??"]
[Source "Chess Informant"]
[SourceDate "2001.06.01"]

1. e4 c5 2. Nf3 d6 3. d4 cxd4 4. Nxd4 Nf6 5. Nc3 g6 6. Be3 Bg7 7. f3 O-O 8. Qd2 Nc6 9. O-O-O d5 10. Qe1 e5 11. Nxc6 bxc6 12. exd5 Nxd5 13. Bc4 Be6 14. Ne4 Qc7 15. Bc5 Rfe8 16. h4 h6 17. g4 Rad8 18. g5 h5 19. Qf2 Rd7 20. Bb3 a5 21. a4 Rb8 22. Rd3 Nf4 23. Rxd7 Qxd7 24. Rd1 Bd5 25. Nc3 Qf5 26. Nxd5 cxd5 27. Qf1 Rxb3 28. cxb3 Qc8 29. Qb5 Bf8 30. Qxa5 Bxc5 31. Kb1 Be3 32. Qb5 e4 33. fxe4 d4 34. a5 d3 35. Ka2 Qc2 36. Qe8+ Kg7 37. Qe5+ Kg8 38. Qe8+ Kg7 39. Qe5+ Kh7 40. Rf1 d2 41. Rxf4 Bxf4 42. Qxf4 Kg8 43. Qb8+ Kg7 44. Qe5+ Kf8 45. Qd6+ Ke8 46. Qe5+ Kd7 47. Qd5+ Kc8 48. Qa8+ Kc7 49. Qa7+ Kd8 50. Qb8+ Kd7 51. Qb7+ Kd8 52. Qb8+ Kd7 1/2-1/2

[Event "Valle d'Aosta op 10th"]
[Site "Valle d'Aosta"]
[Date "2002.02.13"]
[Round "5"]
[White "Volokitin, Andrei"]
[Black "Cebalo, Miso"]
[Result "1-0"]
[WhiteElo "2586"]
[BlackElo "2492"]
[PlyCount "65"]
[EventDate "2002.02.09"]
[Source "ChessBase"]
[SourceDate "2002.03.14"]

1. e4 c5 2. Nf3 d6 3. d4 cxd4 4. Nxd4 Nf6 5. Nc3 g6 6. Be3 Bg7 7. f3 O-O 8. Qd2 Nc6 9. O-O-O d5 10. exd5 Nxd5 11. Nxc6 bxc6 12. Nxd5 cxd5 13. Qxd5 Qc7 14. Qc5 Qb7 15. Qa3 Bf5 16. Bd3 Rab8 17. b3 Rfc8 18. Bxf5 gxf5 19. Rd3 Qc7 20. c4 Rb5 21. Qxa7 Qxa7 22. Bxa7 Ra5 23. Bb6 Rxa2 24. Rhd1 Ra1+ 25. Kd2 Ra6 26. c5 Bh6+ 27. Kc3 Kg7 28. Kb4 Ra2 29. Rd8 Rc6 30. Kb5 Re6 31. c6 Rc2 32. Bc5 Be3 33. R1d5 1-0

[Event "Bundesliga 9394"]
[Site "Germany"]
[Date "1994.??.??"]
[Round "?"]
[White "Kuczynski, Robert"]
[Black "Watson, William N"]
[Result "0-1"]
[WhiteElo "2520"]
[BlackElo "2550"]
[PlyCount "92"]
[EventDate "1993.10.??"]
[Source "ChessBase"]
[SourceDate "1999.07.01"]

1. e4 c5 2. Nf3 d6 3. d4 cxd4 4. Nxd4 Nf6 5. Nc3 g6 6. Be3 Bg7 7. f3 O-O 8. Qd2 Nc6 9. O-O-O d5 10. exd5 Nxd5 11. Nxc6 bxc6 12. Bd4 e5 13. Bc5 Be6 14. Ne4 Re8 15. h4 h6 16. g4 a5 17. g5 h5 18. Bc4 a4 19. a3 Qc7 20. Ba2 Red8 21. Qf2 Qb7 22. Rd2 Nf4 23. Bxe6 Nxe6 24. Rhd1 Rd5 25. c4 Rxd2 26. Qxd2 Rb8 27. Qc2 Nxc5 28. Nxc5 Qa7 29. Nd7 Rb3 30. Qe4 Qf2 31. Rd2 Qf1+ 32. Rd1 Qf2 33. Rd2 Qf1+ 34. Rd1 Qxf3 35. Qxf3 Rxf3 36. Rd6 Rf4 37. Rxc6 Rxh4 38. c5 Rc4+ 39. Kb1 h4 40. Rd6 h3 41. Rd2 Rd4 42. c6 Rxd2 43. c7 h2 44. c8=Q+ Kh7 45. Nf6+ Bxf6 46. Qh3+ Kg8 0-1

[Event "Bundesliga"]
[Site "?"]
[Date "2001.??.??"]
[Round "?"]
[White "Fressinet, L."]
[Black "Polzin, R."]
[Result "1-0"]
[WhiteElo "2605"]
[BlackElo "2465"]
[PlyCount "55"]
[EventDate "2001.??.??"]
[Source "www.chesslib.no"]
[SourceDate "2004.05.04"]

1. e4 c5 2. Nf3 d6 3. d4 cxd4 4. Nxd4 Nf6 5. Nc3 g6 6. Be3 Bg7 7. f3 O-O 8. Qd2 Nc6 9. O-O-O Bd7 10. Kb1 Rc8 11. g4 Ne5 12. h4 Qa5 13. Nb3 Qc7 14. Be2 b5 15. h5 b4 16. Nd5 Nxd5 17. exd5 f5 18. hxg6 hxg6 19. Bh6 f4 20. Nd4 Qc5 21. Qe1 Rf7 22. Qh4 Nxf3 23. Bxf3 Bxd4 24. Be4 Ba4 25. Rh2 Bxb2 26. Qg5 Bg7 27. Qxg6 Qc3 28. Qh7+ 1-0